000 00504nam a2200181Ia 4500
005 20250508150813.0
008 008 250505s9999 xx 000 0 eng d
037 _aTextual
040 _aFEDL
_beng
_cFEDL
041 _aeng
_2eng
084 _a491.2, BHA
_qFEDL
100 _aBhandarkar Ramkrishna Gopal
245 0 _aFirst book of sanskrit
260 _aBombay, India
_bGopal Narayen and Company
_c1947
300 _a223p.
942 _cTEXL
_h491.2, BHA
999 _c1325750
_d1325750